[Event "RSA-ch U16"]
[Site "Kapstadt"]
[Date "2022.07.12"]
[Round "4"]
[White "Mungal, Ethan"]
[Black "Dove, Megan"]
[Result "1/2-1/2"]
[WhiteElo "1458"]
[BlackElo "1187"]
[PlyCount "236"]
[EventDate "2022.07.11"]
[EventType "swiss"]
[EventRounds "6"]
[EventCountry "RSA"]
[SourceTitle "EXT 2023"]
[Source "ChessBase"]
[SourceDate "2022.10.05"]
[SourceVersion "1"]
[SourceVersionDate "2022.10.05"]
[SourceQuality "1"]

1. d4 Nf6 2. c4 e6 3. Nf3 Bb4+ 4. Bd2 Qe7 5. g3 0-0 6. Bg2 a5 7. 0-0 Bxd2 8. Nbxd2 d6 9. Qc2 Nbd7 10. Rfe1 e5 11. Rac1 exd4 12. Nxd4 Nc5 13. N2b3 Nxb3 14. Qxb3 c6 15. Rcd1 Rd8 16. Nf3 Bg4 17. Qc2 h6 18. Nd2 d5 19. Nb3 b6 20. Nd4 Rac8 21. Qb3 Qc5 22. cxd5 Nxd5 23. Nf3 Be6 24. Rc1 Qe7 25. Nd4 c5 26. Nxe6 Qxe6 27. a3 Rd6 28. Red1 Rcd8 29. Bxd5 Rxd5 30. Rxd5 Rxd5 31. Qf3 Qe5 32. Rc2 Qd6 33. Qe3 Qc6 34. f3 h5 35. Kg2 h4 36. Qe4 hxg3 37. Rd2 Rd6 38. Qxc6 Rxc6 39. hxg3 Rc8 40. Rd6 Rb8 41. Rc6 Kf8 42. e4 f6 43. Kf2 Kf7 44. Ke3 g5 45. e5 fxe5 46. Ke4 Kg7 47. Kxe5 Re8+ 48. Kf5 Re3 49. Rxb6 Rxf3+ 50. Kg4 Rd3 51. Ra6 Rd4+ 52. Kxg5 a4 53. Ra7+ Kf8 54. g4 Rd5+ 55. Kg6 Rd2 56. Rxa4 Rxb2 57. Rc4 Ra2 58. a4 Rg2 59. g5 Ra2 60. Rf4+ Kg8 61. Kf6 Rb2 62. Re4 Rf2+ 63. Kg6 Kf8 64. Kh5 Rh2+ 65. Rh4 Ra2 66. Kh6 Kg8 67. g6 Rf2 68. Kg5 Rg2+ 69. Rg4 Rd2 70. Kf5 Kg7 71. Ke5 Rd1 72. Rc4 Kxg6 73. Rxc5 Ra1 74. a5 Kf7 75. Kd6 Ra2 76. Kc7 Ke7 77. Kb7 Kd6 78. Rc6+ Kd7 79. Rc5 Kd6 80. Rb5 Kd7 81. a6 Rc2 82. Rd5+ Ke6 83. Rd3 Rb2+ 84. Ka8 Ke7 85. Rh3 Rb6 86. Rh7+ Kd8 87. Ka7 Rb2 88. Rb7 Ra2 89. Rb3 Kc7 90. Rb6 Ra1 91. Rh6 Rb1 92. Rh7+ Kc8 93. Rb7 Ra1 94. Rb2 Kc7 95. Rc2+ Kd6 96. Rc8 Rb1 97. Rb8 Ra1 98. Rb7 Kc6 99. Rh7 Rb1 100. Ka8 Rb2 101. Rb7 Ra2 102. Ka7 Ra1 103. Rg7 Rb1 104. Rg6+ Kc7 105. Rg3 Rb2 106. Rc3+ Kd8 107. Rc6 Kd7 108. Rb6 Rc2 109. Rb5 Kc7 110. Rb7+ Kc8 111. Rb4 Kc7 112. Ka8 Ra2 113. a7 Rd2 114. Rc4+ Kb6 115. Rc8 Rd7 116. Rb8+ Ka6 117. Rb2 Rd8+ 118. Rb8 Rd7 1/2-1/2